[Event "msr26ss"]
[Site "?"]
[Date "2026.03.26"]
[Round "7.11"]
[White "Slosiar, Adam"]
[Black "Mizanin, Matej"]
[Result "0-1"]
[BlackElo "1675"]
[WhiteElo "1645"]
[LiveChessVersion "1.4.8"]

1. e4 {[%clk 0:10:02]} c5 {[%clk 0:10:03]} 2. Nf3 {[%clk 0:10:03]} Nc6
{[%clk 0:10:04]} 3. d4 {[%clk 0:10:04]} cxd4 {[%clk 0:10:05]} 4. Nxd4
{[%clk 0:10:05]} Nf6 {[%clk 0:10:06]} 5. Nxc6 {[%clk 0:10:01]} bxc6
{[%clk 0:10:07]} 6. Nc3 {[%clk 0:10:01]} e6 {[%clk 0:10:03]} 7. Bg5
{[%clk 0:10:00]} Be7 {[%clk 0:10:02]} 8. Bc4 {[%clk 0:10:00]} O-O
{[%clk 0:09:56]} 9. O-O {[%clk 0:09:51]} h6 {[%clk 0:09:55]} 10. Bh4
{[%clk 0:09:52]} d5 {[%clk 0:09:52]} 11. exd5 {[%clk 0:09:47]} cxd5
{[%clk 0:09:53]} 12. Be2 {[%clk 0:09:37]} Qb6 {[%clk 0:09:42]} 13. Rb1
{[%clk 0:09:36]} Bd7 {[%clk 0:09:20]} 14. Qd3 {[%clk 0:09:19]} Rfe8
{[%clk 0:08:46]} 15. Bg3 {[%clk 0:08:57]} Bd6 {[%clk 0:08:41]} 16. Bxd6
{[%clk 0:08:54]} Qxd6 {[%clk 0:08:41]} 17. Nb5 {[%clk 0:08:44]} Bxb5
{[%clk 0:08:38]} 18. Qxb5 {[%clk 0:08:44]} Rab8 {[%clk 0:08:23]} 19. Qa6
{[%clk 0:08:42]} Qxa6 {[%clk 0:08:20]} 20. Bxa6 {[%clk 0:08:42]} Rb6
{[%clk 0:08:16]} 21. Bd3 {[%clk 0:08:38]} Reb8 {[%clk 0:08:17]} 22. b3
{[%clk 0:08:39]} Nd7 {[%clk 0:08:17]} 23. f3 {[%clk 0:08:33]} Nc5
{[%clk 0:08:13]} 24. Rbd1 {[%clk 0:08:19]} Nxd3 {[%clk 0:08:08]} 25. Rxd3
{[%clk 0:08:19]} Rc8 {[%clk 0:08:09]} 26. Rc1 {[%clk 0:08:18]} Rbc6
{[%clk 0:08:03]} 27. Rd2 {[%clk 0:08:10]} Rc3 {[%clk 0:08:04]} 28. b4 R8c4
{[%clk 0:07:59]} 29. b5 {[%clk 0:07:47]} Rb4 {[%clk 0:07:55]} 30. Rd3
{[%clk 0:07:37]} Rxd3 {[%clk 0:07:24]} 31. cxd3 {[%clk 0:07:37]} Rxb5
{[%clk 0:07:20]} 32. Rc8+ {[%clk 0:07:30]} Kh7 {[%clk 0:07:21]} 33. Rc7
{[%clk 0:07:31]} Rb1+ {[%clk 0:07:08]} 34. Kf2 {[%clk 0:07:29]} Rb2+
{[%clk 0:07:08]} 35. Kg3 {[%clk 0:07:30]} Rxa2 {[%clk 0:07:06]} 36. Rxf7
{[%clk 0:07:30]} Kg6 {[%clk 0:07:07]} 37. Rf8 {[%clk 0:07:17]} Ra3
{[%clk 0:07:01]} 38. Re8 {[%clk 0:07:09]} Kf7 {[%clk 0:06:56]} 39. Ra8
{[%clk 0:07:04]} Rxd3 {[%clk 0:06:55]} 40. Rxa7+ {[%clk 0:07:05]} Kf6
{[%clk 0:06:57]} 41. Ra2 {[%clk 0:06:57]} Re3 {[%clk 0:06:51]} 42. Kf2
{[%clk 0:06:57]} d4 {[%clk 0:06:53]} 43. Rd2 {[%clk 0:06:55]} e5 {[%clk 0:06:54]}
44. f4 {[%clk 0:06:56]} Re4 {[%clk 0:06:46]} 45. fxe5+ {[%clk 0:06:46]} Kxe5
{[%clk 0:06:47]} 46. h3 {[%clk 0:06:44]} Re3 {[%clk 0:06:42]} 47. Rb2
{[%clk 0:06:34]} Rc3 {[%clk 0:06:10]} 48. Ke2 {[%clk 0:06:30]} Ke4
{[%clk 0:05:42]} 49. Rd2 {[%clk 0:06:08]} d3+ {[%clk 0:04:44]} 50. Kf2
{[%clk 0:06:06]} Rc2 {[%clk 0:04:42]} 51. Ke1 {[%clk 0:06:01]} h5
{[%clk 0:04:22]} 52. h4 {[%clk 0:05:36]} Ke3 {[%clk 0:03:33]} 53. Rd1
{[%clk 0:04:59]} d2+ {[%clk 0:03:18]} 54. Kf1 {[%clk 0:04:49]} Rc1
{[%clk 0:03:19]} 55. g4 {[%clk 0:04:44]} Rxd1+ {[%clk 0:03:19]} 56. Kg2
{[%clk 0:04:44]} hxg4 {[%clk 0:03:17]} 57. h5 {[%clk 0:04:45]} Rg1+
{[%clk 0:03:18]} 58. Kh2 {[%clk 0:04:40]} d1=Q {[%clk 0:03:11]} 59. h6
{[%clk 0:04:39]} Qe2+ {[%clk 0:03:10]} 0-1

[Event "msr26ss"]
[Site "?"]
[Date "2026.03.26"]
[Round "7.12"]
[White "Knapova, Nicol"]
[Black "Geskova, Zuzana"]
[Result "1-0"]
[BlackElo "1000"]
[WhiteElo "1604"]
[LiveChessVersion "1.4.8"]

1. e4 {[%clk 0:10:02]} e5 {[%clk 0:10:03]} 2. Nf3 {[%clk 0:10:03]} Nc6
{[%clk 0:10:04]} 3. Bc4 {[%clk 0:10:04]} Bc5 {[%clk 0:10:05]} 4. c3
{[%clk 0:10:02]} Nf6 {[%clk 0:10:04]} 5. d3 {[%clk 0:10:02]} d6 {[%clk 0:09:59]}
6. Bg5 {[%clk 0:09:59]} Bg4 {[%clk 0:09:56]} 7. h3 {[%clk 0:09:56]} Bh5
{[%clk 0:09:57]} 8. Nbd2 {[%clk 0:09:48]} h6 {[%clk 0:09:57]} 9. Bh4
{[%clk 0:09:47]} O-O {[%clk 0:09:55]} 10. b4 {[%clk 0:09:09]} Bb6
{[%clk 0:09:47]} 11. Qb3 {[%clk 0:08:54]} Bxf3 {[%clk 0:09:39]} 12. Nxf3
{[%clk 0:08:53]} Ne7 {[%clk 0:09:15]} 13. Bxf6 {[%clk 0:08:43]} gxf6
{[%clk 0:09:15]} 14. Nh4 {[%clk 0:08:27]} c6 {[%clk 0:08:50]} 15. Qd1
{[%clk 0:07:42]} d5 {[%clk 0:08:49]} 16. exd5 {[%clk 0:07:04]} cxd5
{[%clk 0:08:49]} 17. Bb3 {[%clk 0:06:30]} Ng6 {[%clk 0:08:43]} 18. Qg4
{[%clk 0:06:19]} Kg7 {[%clk 0:08:38]} 19. Nf5+ {[%clk 0:06:01]} Kh7
{[%clk 0:08:29]} 20. Qh5 {[%clk 0:05:52]} Bxf2+ {[%clk 0:05:49]} 21. Kxf2
{[%clk 0:04:58]} Qb6+ {[%clk 0:05:49]} 22. Ke1 {[%clk 0:04:58]} Qe3+
{[%clk 0:05:35]} 23. Nxe3 {[%clk 0:04:57]} Nf4 {[%clk 0:05:06]} 24. Qf5+
{[%clk 0:04:31]} Kg7 {[%clk 0:04:54]} 25. Nxd5 {[%clk 0:04:08]} Rad8
{[%clk 0:04:19]} 26. Qxf6+ {[%clk 0:03:53]} Kg8 {[%clk 0:04:15]} 27. Nxf4
{[%clk 0:03:28]} exf4 {[%clk 0:04:10]} 28. Qxf4 {[%clk 0:03:24]} Rxd3
{[%clk 0:04:02]} 29. O-O {[%clk 0:03:18]} Rxc3 {[%clk 0:03:33]} 30. Bxf7+
{[%clk 0:03:14]} Kh7 {[%clk 0:03:04]} 31. Qf5+ {[%clk 0:03:11]} Kg7
{[%clk 0:02:58]} 32. Qe5+ {[%clk 0:03:10]} Kh7 {[%clk 0:02:48]} 33. Qxc3
{[%clk 0:03:04]} Rxf7 {[%clk 0:02:31]} 34. Rxf7+ {[%clk 0:03:03]} Kg6
{[%clk 0:02:32]} 35. Qg7+ {[%clk 0:03:03]} Kh5 {[%clk 0:02:33]} 36. Rf5+
{[%clk 0:03:01]} Kh4 {[%clk 0:02:31]} 37. Qg4# {[%clk 0:03:02]} 1-0

[Event "msr26ss"]
[Site "?"]
[Date "2026.03.26"]
[Round "7.13"]
[White "Kudela, Oliver"]
[Black "Lachky, Matej"]
[Result "1-0"]
[BlackElo "1741"]
[WhiteElo "2024"]
[LiveChessVersion "1.4.8"]

1. e4 {[%clk 0:10:01]} e6 {[%clk 0:10:01]} 2. d4 {[%clk 0:10:00]} d5
{[%clk 0:10:02]} 3. e5 {[%clk 0:09:59]} c5 {[%clk 0:10:03]} 4. c3
{[%clk 0:10:00]} Nc6 {[%clk 0:10:03]} 5. Nf3 Qb6 {[%clk 0:09:19]} 6. Bd3
{[%clk 0:10:00]} Bd7 {[%clk 0:09:18]} 7. O-O {[%clk 0:09:59]} cxd4
{[%clk 0:09:19]} 8. Re1 {[%clk 0:09:59]} dxc3 {[%clk 0:09:18]} 9. Nxc3
{[%clk 0:10:00]} Nge7 {[%clk 0:09:13]} 10. h4 {[%clk 0:09:57]} g6
{[%clk 0:08:25]} 11. Be3 {[%clk 0:09:51]} Qxb2 {[%clk 0:07:55]} 12. Nb5
{[%clk 0:09:51]} Nxe5 {[%clk 0:07:32]} 13. Nxe5 {[%clk 0:09:39]} Qxe5
{[%clk 0:07:30]} 14. Bd4 {[%clk 0:09:40]} Qf4 {[%clk 0:06:38]} 15. Bxh8
{[%clk 0:09:34]} Qb4 {[%clk 0:06:30]} 16. Nc7+ {[%clk 0:09:31]} Kd8
{[%clk 0:06:23]} 17. Nxa8 {[%clk 0:09:30]} 1-0

[Event "msr26ss"]
[Site "?"]
[Date "2026.03.26"]
[Round "7.14"]
[White "Jancigova, Kristina Lara"]
[Black "Klimek, Martin"]
[Result "1-0"]
[BlackElo "1803"]
[WhiteElo "1733"]
[LiveChessVersion "1.4.8"]

1. e4 {[%clk 0:10:02]} d5 {[%clk 0:10:02]} 2. exd5 {[%clk 0:10:02]} Nf6
{[%clk 0:10:01]} 3. Nf3 {[%clk 0:09:42]} Bg4 {[%clk 0:10:01]} 4. Be2
{[%clk 0:09:42]} Nxd5 {[%clk 0:10:01]} 5. O-O {[%clk 0:09:38]} e6
{[%clk 0:09:59]} 6. d4 {[%clk 0:09:26]} Be7 {[%clk 0:09:58]} 7. c4
{[%clk 0:09:25]} Nf6 {[%clk 0:09:58]} 8. Nc3 {[%clk 0:09:23]} O-O
{[%clk 0:09:56]} 9. h3 {[%clk 0:09:20]} Bh5 {[%clk 0:09:57]} 10. Bf4
{[%clk 0:09:16]} c6 {[%clk 0:09:53]} 11. Rc1 {[%clk 0:09:07]} Nbd7
{[%clk 0:09:53]} 12. d5 {[%clk 0:08:44]} exd5 {[%clk 0:09:33]} 13. cxd5
{[%clk 0:08:44]} cxd5 {[%clk 0:09:26]} 14. Nxd5 {[%clk 0:08:41]} Nxd5
{[%clk 0:08:15]} 15. Qxd5 {[%clk 0:08:40]} Nf6 {[%clk 0:08:16]} 16. Qxd8
{[%clk 0:08:14]} Rfxd8 {[%clk 0:07:01]} 17. Rc7 {[%clk 0:08:04]} Rd7
{[%clk 0:07:02]} 18. Rfc1 {[%clk 0:07:55]} Rad8 {[%clk 0:06:36]} 19. g4
{[%clk 0:07:31]} Bg6 {[%clk 0:06:07]} 20. Ne5 {[%clk 0:07:30]} Rxc7
{[%clk 0:05:56]} 21. Rxc7 {[%clk 0:07:19]} Nd5 {[%clk 0:05:54]} 22. Rc4
{[%clk 0:05:28]} Nxf4 {[%clk 0:05:46]} 23. Rxf4 {[%clk 0:05:22]} Rd2
{[%clk 0:03:03]} 24. Nxg6 {[%clk 0:04:38]} hxg6 {[%clk 0:02:36]} 25. Bc4
{[%clk 0:04:35]} Bf6 {[%clk 0:01:22]} 26. g5 {[%clk 0:04:03]} Bxg5
{[%clk 0:01:15]} 27. Rxf7 {[%clk 0:04:02]} Kh7 {[%clk 0:00:36]} 28. Rxb7
{[%clk 0:03:38]} Bf6 {[%clk 0:00:27]} 29. Rxa7 {[%clk 0:03:12]} Bd4
{[%clk 0:00:20]} 30. Rf7 {[%clk 0:03:07]} Rxb2 {[%clk 0:00:17]} 31. Rf4
{[%clk 0:02:55]} Bf6 {[%clk 0:00:16]} 32. Kg2 {[%clk 0:02:44]} Kh6
{[%clk 0:00:14]} 33. Rf3 {[%clk 0:02:33]} Bd4 {[%clk 0:00:13]} 34. a4
{[%clk 0:02:28]} Rb4 {[%clk 0:00:11]} 35. Bb5 {[%clk 0:02:27]} Bb6
{[%clk 0:00:11]} 36. Be8 {[%clk 0:02:04]} Rxa4 {[%clk 0:00:12]} 37. Bxa4
{[%clk 0:02:04]} Bd4 {[%clk 0:00:08]} 38. Be8 {[%clk 0:02:02]} Bf6
{[%clk 0:00:07]} 39. Rg3 {[%clk 0:01:58]} g5 40. Rb3 {[%clk 0:01:53]} Kh7
{[%clk 0:00:08]} 41. Kg3 {[%clk 0:01:49]} Kg8 {[%clk 0:00:09]} 42. Kg4
{[%clk 0:01:48]} Kf8 {[%clk 0:00:10]} 43. Bg6 {[%clk 0:01:47]} Ke7
{[%clk 0:00:11]} 44. Kf5 {[%clk 0:01:46]} Kd6 {[%clk 0:00:12]} 45. Rb6+
{[%clk 0:01:45]} Ke7 {[%clk 0:00:13]} 46. Ra6 {[%clk 0:01:35]} Kf8
{[%clk 0:00:08]} 47. Ke6 {[%clk 0:01:32]} 1-0

[Event "msr26ss"]
[Site "?"]
[Date "2026.03.26"]
[Round "7.15"]
[White "Horvathova, Hana"]
[Black "Ferencik, Juraj"]
[Result "1-0"]
[BlackElo "1655"]
[WhiteElo "1870"]
[LiveChessVersion "1.4.8"]

1. e4 {[%clk 0:10:01]} e5 {[%clk 0:10:04]} 2. Nf3 {[%clk 0:10:02]} Nc6
{[%clk 0:10:05]} 3. Bb5 {[%clk 0:10:01]} Nge7 {[%clk 0:10:04]} 4. O-O
{[%clk 0:09:49]} a6 {[%clk 0:10:00]} 5. Ba4 {[%clk 0:09:50]} g6 {[%clk 0:10:01]}
6. c3 {[%clk 0:09:43]} Bg7 {[%clk 0:10:01]} 7. d4 {[%clk 0:09:40]} exd4
{[%clk 0:10:00]} 8. cxd4 {[%clk 0:09:41]} d5 {[%clk 0:09:57]} 9. e5
{[%clk 0:09:22]} O-O {[%clk 0:09:55]} 10. Nc3 {[%clk 0:09:19]} Bg4
{[%clk 0:09:46]} 11. h3 {[%clk 0:09:20]} Bxf3 {[%clk 0:09:45]} 12. gxf3
{[%clk 0:09:01]} Nf5 {[%clk 0:09:34]} 13. Ne2 {[%clk 0:08:10]} Qh4
{[%clk 0:09:27]} 14. Bxc6 {[%clk 0:07:40]} bxc6 {[%clk 0:09:10]} 15. Kh2
{[%clk 0:07:31]} c5 {[%clk 0:09:01]} 16. f4 {[%clk 0:07:06]} cxd4
{[%clk 0:08:11]} 17. Nxd4 {[%clk 0:07:02]} Nxd4 {[%clk 0:06:44]} 18. Qxd4
{[%clk 0:07:01]} c6 {[%clk 0:06:41]} 19. Be3 {[%clk 0:06:38]} Rae8
{[%clk 0:05:54]} 20. Rac1 {[%clk 0:06:19]} g5 {[%clk 0:05:29]} 21. Rg1
{[%clk 0:05:26]} Re6 {[%clk 0:04:51]} 22. Rg4 {[%clk 0:05:22]} Qh5
{[%clk 0:04:50]} 23. Qd3 {[%clk 0:04:41]} Rh6 {[%clk 0:04:49]} 24. Rg3
{[%clk 0:03:59]} f6 {[%clk 0:04:31]} 25. fxg5 {[%clk 0:03:40]} fxg5
{[%clk 0:04:22]} 26. Bd4 {[%clk 0:03:28]} Rf3 {[%clk 0:03:06]} 27. Qxf3
{[%clk 0:03:10]} Qg6 {[%clk 0:02:53]} 28. Rcg1 {[%clk 0:02:59]} Rh5
{[%clk 0:02:07]} 29. Qd3 {[%clk 0:02:51]} Qf7 {[%clk 0:01:44]} 30. Rxg5
{[%clk 0:02:40]} Rxg5 {[%clk 0:01:42]} 31. Rxg5 {[%clk 0:02:36]} c5
{[%clk 0:01:13]} 32. Bxc5 h6 {[%clk 0:01:09]} 33. Rg4 {[%clk 0:02:01]} Kh8
{[%clk 0:01:06]} 34. Qg3 {[%clk 0:01:48]} d4 {[%clk 0:00:30]} 35. Bxd4
{[%clk 0:01:34]} Bf8 {[%clk 0:00:06]} 36. e6+ {[%clk 0:01:33]} Kh7
{[%clk 0:00:03]} 37. exf7 {[%clk 0:01:29]} h5 {[%clk 0:00:00]} 38. Rg7+
{[%clk 0:01:29]} Kh6 {[%clk 0:00:00]} 39. Qg5# 1-0

[Event "msr26ss"]
[Site "?"]
[Date "2026.03.26"]
[Round "7.17"]
[White "Truskova, Stela"]
[Black "Gay, Lukas"]
[Result "0-1"]
[BlackElo "2064"]
[WhiteElo "1774"]
[LiveChessVersion "1.4.8"]

1. f4 {[%clk 0:09:53]} Nh6 {[%clk 0:09:58]} 2. Nf3 {[%clk 0:09:53]} g6
{[%clk 0:09:59]} 3. e3 {[%clk 0:09:52]} Bg7 {[%clk 0:09:59]} 4. Nc3
{[%clk 0:09:48]} d5 {[%clk 0:09:58]} 5. d4 {[%clk 0:09:06]} O-O {[%clk 0:09:55]}
6. Bd3 {[%clk 0:09:04]} Bf5 {[%clk 0:09:55]} 7. O-O {[%clk 0:08:59]} Bxd3
{[%clk 0:09:50]} 8. Qxd3 {[%clk 0:08:58]} Nf5 {[%clk 0:09:48]} 9. Bd2
{[%clk 0:08:36]} c6 {[%clk 0:09:49]} 10. Rae1 {[%clk 0:08:23]} Nd7
{[%clk 0:09:47]} 11. Ne5 {[%clk 0:07:58]} f6 {[%clk 0:09:16]} 12. Nxd7
{[%clk 0:06:53]} Qxd7 {[%clk 0:09:17]} 13. Rf3 {[%clk 0:06:52]} Rad8
{[%clk 0:08:51]} 14. Na4 {[%clk 0:06:09]} b6 {[%clk 0:08:49]} 15. e4
{[%clk 0:05:14]} dxe4 {[%clk 0:08:09]} 16. Rxe4 {[%clk 0:04:47]} c5
{[%clk 0:08:08]} 17. dxc5 {[%clk 0:04:20]} Qc6 {[%clk 0:07:26]} 18. Qb3+
{[%clk 0:04:07]} Kh8 {[%clk 0:07:27]} 19. Re6 {[%clk 0:03:30]} Qa8
{[%clk 0:06:13]} 20. Bb4 {[%clk 0:03:04]} Nd4 {[%clk 0:06:08]} 21. Qc4
{[%clk 0:02:19]} b5 {[%clk 0:05:58]} 22. Qf1 {[%clk 0:00:29]} Nxe6
{[%clk 0:05:57]} 23. Nc3 {[%clk 0:00:24]} a5 {[%clk 0:05:58]} 24. Bxa5
{[%clk 0:00:03]} Qxa5 {[%clk 0:05:58]} 0-1

[Event "msr26ss"]
[Site "?"]
[Date "2026.03.26"]
[Round "7.18"]
[White "Geletka, Tomas"]
[Black "Vrba, Martin"]
[Result "1-0"]
[BlackElo "1000"]
[WhiteElo "1946"]
[LiveChessVersion "1.4.8"]

1. d4 {[%clk 0:10:00]} Nf6 {[%clk 0:10:03]} 2. Bg5 {[%clk 0:10:01]} g6
{[%clk 0:09:59]} 3. Bxf6 {[%clk 0:10:02]} exf6 {[%clk 0:09:59]} 4. e3
{[%clk 0:10:03]} Bg7 {[%clk 0:10:00]} 5. c4 {[%clk 0:09:56]} d5 {[%clk 0:09:55]}
6. Nc3 {[%clk 0:09:52]} c6 {[%clk 0:09:52]} 7. cxd5 {[%clk 0:09:52]} cxd5
{[%clk 0:09:52]} 8. g3 {[%clk 0:09:53]} Be6 {[%clk 0:09:34]} 9. Bg2
{[%clk 0:09:54]} O-O {[%clk 0:09:32]} 10. Nge2 {[%clk 0:09:54]} Nd7
{[%clk 0:09:19]} 11. Nf4 {[%clk 0:09:33]} Nb6 {[%clk 0:09:15]} 12. Qb3
{[%clk 0:09:17]} Rc8 {[%clk 0:08:35]} 13. O-O {[%clk 0:09:06]} Bh6
{[%clk 0:07:27]} 14. Nfxd5 {[%clk 0:08:35]} Rxc3 {[%clk 0:07:05]} 15. bxc3
{[%clk 0:08:09]} Bxd5 {[%clk 0:07:05]} 16. Bxd5 {[%clk 0:08:08]} Qxd5
{[%clk 0:07:05]} 17. Qxd5 {[%clk 0:08:03]} Nxd5 {[%clk 0:07:05]} 18. c4
{[%clk 0:07:59]} Nb4 {[%clk 0:06:45]} 19. Rab1 {[%clk 0:07:52]} a5
{[%clk 0:06:24]} 20. a3 {[%clk 0:07:03]} Nc6 {[%clk 0:04:38]} 21. Rxb7
{[%clk 0:06:59]} Rc8 {[%clk 0:04:02]} 22. Rfb1 {[%clk 0:06:37]} Bf8
{[%clk 0:04:02]} 23. c5 {[%clk 0:06:28]} Kg7 {[%clk 0:03:37]} 24. Rd7
{[%clk 0:05:58]} Nb8 25. Rdb7 {[%clk 0:05:26]} Nc6 {[%clk 0:02:41]} 26. Kg2
{[%clk 0:05:10]} f5 {[%clk 0:02:35]} 27. f4 {[%clk 0:04:46]} Kf6 {[%clk 0:02:29]}
28. R1b6 {[%clk 0:04:18]} Ke6 {[%clk 0:02:17]} 29. Kf3 {[%clk 0:04:06]} h5
{[%clk 0:02:04]} 30. Ra6 {[%clk 0:03:31]} f6 {[%clk 0:01:51]} 31. Rbb6
{[%clk 0:03:12]} Kd5 {[%clk 0:01:51]} 32. Rb7 {[%clk 0:02:37]} Ke6
{[%clk 0:01:36]} 33. Rh7 {[%clk 0:02:15]} Kd5 {[%clk 0:01:06]} 34. Rf7
{[%clk 0:01:58]} Ke6 {[%clk 0:01:02]} 35. Rxf8 {[%clk 0:01:58]} Rxf8
{[%clk 0:01:02]} 36. Rxc6+ {[%clk 0:01:59]} Kd5 {[%clk 0:01:02]} 37. Ra6
{[%clk 0:02:00]} g5 {[%clk 0:00:59]} 38. Rxa5 {[%clk 0:01:57]} g4+
{[%clk 0:00:59]} 39. Ke2 {[%clk 0:01:53]} Kc6 {[%clk 0:00:53]} 40. Ra4
{[%clk 0:01:45]} Rb8 {[%clk 0:00:52]} 41. Rb4 {[%clk 0:01:46]} Ra8
{[%clk 0:00:53]} 42. Rb3 {[%clk 0:01:47]} Ra4 {[%clk 0:00:52]} 43. Rb6+
{[%clk 0:01:41]} Kc7 {[%clk 0:00:44]} 44. Rxf6 {[%clk 0:01:41]} Rxa3
{[%clk 0:00:45]} 45. Rxf5 {[%clk 0:01:36]} Ra2+ {[%clk 0:00:46]} 46. Kd3
{[%clk 0:01:38]} Rxh2 {[%clk 0:00:47]} 47. d5 {[%clk 0:01:37]} h4
{[%clk 0:00:45]} 48. gxh4 {[%clk 0:01:36]} Rxh4 {[%clk 0:00:45]} 49. Rf7+
{[%clk 0:01:37]} Kd8 {[%clk 0:00:45]} 50. Rg7 Rh5 {[%clk 0:00:41]} 51. Kd4
{[%clk 0:01:38]} Rh4 {[%clk 0:00:36]} 52. c6 {[%clk 0:01:39]} Rh6
{[%clk 0:00:35]} 53. Rxg4 {[%clk 0:01:39]} Kc7 {[%clk 0:00:35]} 54. Rg7+
{[%clk 0:01:39]} Kd6 {[%clk 0:00:35]} 55. e4 {[%clk 0:01:40]} 1-0

[Event "msr26ss"]
[Site "?"]
[Date "2026.03.26"]
[Round "7.19"]
[White "Bekec, Tobias"]
[Black "Lukacin, Simon"]
[Result "0-1"]
[BlackElo "1822"]
[WhiteElo "1000"]
[LiveChessVersion "1.4.8"]

1. c4 {[%clk 0:00:00]} e5 {[%clk 0:09:57]} 2. Nc3 {[%clk 0:10:02]} Nf6
{[%clk 0:09:55]} 3. Nf3 {[%clk 0:10:02]} Nc6 {[%clk 0:09:44]} 4. e3
{[%clk 0:10:02]} Bb4 {[%clk 0:09:36]} 5. Qc2 {[%clk 0:10:02]} d6 {[%clk 0:09:18]}
6. Be2 {[%clk 0:10:00]} O-O {[%clk 0:09:16]} 7. Nd5 {[%clk 0:09:55]} Nxd5
{[%clk 0:08:52]} 8. cxd5 {[%clk 0:09:54]} Ne7 {[%clk 0:08:53]} 9. a3
{[%clk 0:09:51]} Ba5 {[%clk 0:08:53]} 10. b4 {[%clk 0:09:52]} Bb6
{[%clk 0:08:54]} 11. e4 {[%clk 0:09:36]} f5 {[%clk 0:08:31]} 12. d3
{[%clk 0:09:31]} Ng6 {[%clk 0:08:05]} 13. O-O {[%clk 0:09:22]} Nh4
{[%clk 0:07:24]} 14. Nxh4 {[%clk 0:09:05]} Qxh4 {[%clk 0:07:23]} 15. g3
{[%clk 0:08:08]} Qh3 {[%clk 0:06:37]} 16. a4 {[%clk 0:07:30]} f4 {[%clk 0:05:53]}
17. Qd1 {[%clk 0:06:51]} fxg3 {[%clk 0:05:41]} 18. hxg3 {[%clk 0:06:25]} Rf6
{[%clk 0:05:35]} 19. Bf3 {[%clk 0:05:54]} Rg6 {[%clk 0:05:24]} 20. Bg2
{[%clk 0:05:25]} Rxg3 {[%clk 0:05:23]} 21. Qf3 {[%clk 0:04:45]} Rxf3
{[%clk 0:05:07]} 22. Bxh3 {[%clk 0:04:44]} Rxh3 {[%clk 0:05:07]} 23. Rd1
{[%clk 0:04:09]} Bg4 {[%clk 0:04:50]} 24. Kg2 {[%clk 0:03:37]} Rf8
{[%clk 0:04:39]} 25. Rd2 {[%clk 0:03:20]} Rhf3 {[%clk 0:04:37]} 26. Bb2
{[%clk 0:02:59]} Rxf2+ {[%clk 0:04:28]} 0-1

[Event "msr26ss"]
[Site "?"]
[Date "2026.03.26"]
[Round "7.20"]
[White "Hudakova, Nina"]
[Black "Jenik, Samuel"]
[Result "1-0"]
[BlackElo "1000"]
[WhiteElo "1501"]
[LiveChessVersion "1.4.8"]

1. e4 {[%clk 0:10:02]} c6 {[%clk 0:10:04]} 2. d4 {[%clk 0:10:00]} d5
{[%clk 0:10:04]} 3. e5 {[%clk 0:09:59]} c5 {[%clk 0:10:05]} 4. dxc5
{[%clk 0:09:53]} e6 {[%clk 0:10:05]} 5. Nf3 {[%clk 0:09:50]} Bxc5
{[%clk 0:10:03]} 6. Bd3 {[%clk 0:09:46]} Nc6 {[%clk 0:10:00]} 7. O-O
{[%clk 0:09:45]} Nge7 {[%clk 0:09:56]} 8. Bf4 {[%clk 0:08:57]} O-O
{[%clk 0:09:54]} 9. Nbd2 {[%clk 0:08:49]} Ng6 {[%clk 0:09:53]} 10. Bg5
{[%clk 0:08:37]} Qc7 {[%clk 0:09:42]} 11. Re1 {[%clk 0:08:21]} Ncxe5
{[%clk 0:09:16]} 12. Nxe5 {[%clk 0:07:56]} Nxe5 {[%clk 0:09:14]} 13. Nb3
{[%clk 0:07:40]} Nxd3 {[%clk 0:08:55]} 14. Qxd3 {[%clk 0:07:34]} Be7
{[%clk 0:08:39]} 15. Be3 {[%clk 0:07:19]} b6 {[%clk 0:08:33]} 16. Rac1
{[%clk 0:07:09]} Bb7 {[%clk 0:08:22]} 17. c4 {[%clk 0:07:01]} Ba6
{[%clk 0:08:19]} 18. Nd2 {[%clk 0:05:29]} Bb4 {[%clk 0:08:08]} 19. b3
{[%clk 0:05:13]} Rac8 {[%clk 0:07:23]} 20. Qd4 {[%clk 0:04:46]} Bc5
{[%clk 0:07:11]} 21. Qg4 {[%clk 0:04:35]} Bxe3 {[%clk 0:07:11]} 22. Rxe3
{[%clk 0:04:30]} Qe7 {[%clk 0:06:59]} 23. Rce1 {[%clk 0:04:15]} dxc4
{[%clk 0:06:55]} 24. Nxc4 {[%clk 0:04:05]} Bxc4 {[%clk 0:06:42]} 25. bxc4
{[%clk 0:04:04]} Rc5 {[%clk 0:06:36]} 26. Rg3 {[%clk 0:03:43]} Qf6
{[%clk 0:06:36]} 27. Rd1 {[%clk 0:03:33]} h6 {[%clk 0:06:24]} 28. Rd7
{[%clk 0:03:27]} Rfc8 {[%clk 0:06:25]} 29. Rf3 {[%clk 0:02:38]} Rxc4
{[%clk 0:06:06]} 30. Rxf6 {[%clk 0:02:27]} Rc1+ {[%clk 0:06:03]} 31. Rd1
{[%clk 0:02:14]} Rxd1+ {[%clk 0:06:05]} 32. Qxd1 {[%clk 0:02:13]} gxf6
{[%clk 0:06:05]} 33. Qd2 {[%clk 0:02:12]} Kf8 {[%clk 0:06:03]} 34. h3
{[%clk 0:02:13]} Ke7 {[%clk 0:06:02]} 35. Qxh6 {[%clk 0:02:12]} Rc2
{[%clk 0:06:01]} 36. h4 {[%clk 0:02:01]} Rxa2 {[%clk 0:06:01]} 37. Qg7
{[%clk 0:01:58]} b5 {[%clk 0:05:51]} 38. h5 {[%clk 0:01:59]} b4 {[%clk 0:05:52]}
39. h6 {[%clk 0:01:59]} b3 {[%clk 0:05:51]} 40. h7 {[%clk 0:01:59]} b2
{[%clk 0:05:52]} 41. h8=Q b1=Q+ {[%clk 0:05:49]} 42. Kh2 {[%clk 0:01:54]} Rxf2
{[%clk 0:04:46]} 43. Qc8 {[%clk 0:01:44]} Qb5 {[%clk 0:04:15]} 44. Qgf8#
{[%clk 0:01:39]} 1-0

[Event "msr26ss"]
[Site "?"]
[Date "2026.03.26"]
[Round "7.21"]
[White "Haasova, Timea"]
[Black "Benci, Jozef"]
[Result "0-1"]
[BlackElo "2186"]
[WhiteElo "1980"]
[LiveChessVersion "1.4.8"]

1. e4 {[%clk 0:10:02]} c5 {[%clk 0:10:00]} 2. Nf3 {[%clk 0:10:02]} d6
{[%clk 0:10:01]} 3. d4 {[%clk 0:10:04]} cxd4 {[%clk 0:10:01]} 4. Nxd4
{[%clk 0:10:05]} Nf6 {[%clk 0:10:02]} 5. Nc3 {[%clk 0:10:03]} Nc6
{[%clk 0:09:48]} 6. Be3 {[%clk 0:09:09]} Ng4 {[%clk 0:09:46]} 7. Qd2
{[%clk 0:07:11]} Nxe3 {[%clk 0:09:44]} 8. Qxe3 {[%clk 0:07:01]} Bd7
{[%clk 0:08:52]} 9. Be2 {[%clk 0:06:25]} a6 {[%clk 0:08:21]} 10. Nb3
{[%clk 0:04:40]} e6 {[%clk 0:07:30]} 11. O-O {[%clk 0:04:22]} Be7
{[%clk 0:07:21]} 12. Rad1 {[%clk 0:04:13]} O-O {[%clk 0:07:15]} 13. f4
{[%clk 0:03:56]} b5 {[%clk 0:07:07]} 14. a3 {[%clk 0:03:39]} Qc7 {[%clk 0:06:40]}
15. f5 {[%clk 0:03:07]} Ne5 {[%clk 0:06:29]} 16. Nd4 {[%clk 0:02:39]} Nc4
{[%clk 0:05:37]} 17. Bxc4 {[%clk 0:02:04]} Qxc4 {[%clk 0:05:19]} 18. fxe6
{[%clk 0:01:26]} fxe6 {[%clk 0:05:13]} 19. Qh3 {[%clk 0:01:04]} Rxf1+
{[%clk 0:05:08]} 20. Rxf1 {[%clk 0:01:04]} Qxd4+ {[%clk 0:05:06]} 21. Kh1
{[%clk 0:01:05]} Rf8 {[%clk 0:04:42]} 22. Rg1 {[%clk 0:00:58]} Qe5
{[%clk 0:04:05]} 23. Qe3 {[%clk 0:00:21]} d5 {[%clk 0:03:28]} 24. Qa7
{[%clk 0:00:19]} Bd6 {[%clk 0:03:15]} 25. g3 {[%clk 0:00:13]} Bc6
{[%clk 0:02:58]} 26. Qb6 {[%clk 0:00:07]} Ba8 {[%clk 0:02:44]} 27. Qxa6
{[%clk 0:00:04]} d4 {[%clk 0:02:39]} 28. Re1 {[%clk 0:00:03]} dxc3
{[%clk 0:02:31]} 29. bxc3 {[%clk 0:00:04]} Bxe4+ {[%clk 0:02:22]} 30. Rxe4 0-1